Introduction to Sociology /

"The most trusted textbook in sociology. With more than a million copies sold and counting, Introduction to Sociology is valued for its reliable and authoritative coverage of sociological concepts, theory, and research. This comprehensive survey of the field gives students everything they need...

Deskribapen osoa

Xehetasun bibliografikoak
Egile Nagusiak: Giddens, Anthony (Egilea), Duneier, Mitchell (Egilea), Appelbaum, Richard P. (Egilea), Carr, Deborah (Egilea)
Formatua: Liburua
Hizkuntza:English
Argitaratua: New York, NY : W. W. Norton, c2024.
Edizioa:Thirteenth seagull edition.
Gaiak:
Classic Catalogue: View this record in Classic Catalogue
LEADER 02195nam a22003735i 4500
001 44653
003 BD-DhAAL
005 20250831170134.0
008 250831t2024 nyua b 001 0 eng d
010 |a  2023947995 
020 |a 9781324062226 
020 |a 9780393892833 
020 |z 9781324062240 
035 |a 23344210 
040 |a DLC  |b eng  |e rda  |c DLC  |d BD-DhAAL 
042 |a pcc 
082 |a 301  |2 23 
245 1 0 |a Introduction to Sociology /  |c Anthony Giddens ... [et al.]. 
250 |a Thirteenth seagull edition. 
260 |a New York, NY :  |b W. W. Norton,  |c c2024. 
300 |a xxvi, 871 pages :  |b color illustrations ;  |c 24 cm 
504 |a Includes bibliographical references and index. 
520 |a "The most trusted textbook in sociology. With more than a million copies sold and counting, Introduction to Sociology is valued for its reliable and authoritative coverage of sociological concepts, theory, and research. This comprehensive survey of the field gives students everything they need to internalize core concepts and develop their sociological imaginations. Our stellar author team helps students understand key sociological insights and apply them to the big social issues of our time. New online learning resources support understanding and deep, engaged reading"-- 
526 |a ESS  |x Md. Aftab Alam Senior Lecturer Department of Economics and Social Sciences BRAC University Course Name : Introduction to Sociology (SOC 101)  
541 |a Trim Education  |e 44653 
650 |a Sociology. 
700 1 |a Giddens, Anthony,  |e author. 
700 1 |a Duneier, Mitchell,  |e author.  |9 13361 
700 1 |a Appelbaum, Richard P.,  |e author.  |9 59202 
700 1 |a Carr, Deborah,  |e author.  |9 59203 
852 |a Ayesha Abed Library  |c General Stacks 
942 |2 ddc  |c BK 
999 |c 47224  |d 47224 
952 |0 0  |1 0  |2 ddc  |4 0  |6 301_000000000000000_INT  |7 0  |9 78054  |a BRACUL  |b BRACUL  |c NEW  |d 2025-08-28  |e Trim Education  |g 7660.00  |l 3  |m 6  |o 301 INT  |p 3010044653  |q 2026-04-09  |r 2026-01-31  |s 2026-01-31  |t 1  |v 15320.00  |w 2025-08-28  |y BK  |x Requisitioned by Md. Aftab Alam (Senior Lecturer, Department of Economics and Social Sciences, BRAC University) for the course named - "Introduction to Sociology (SOC 101)".